000
00295nam a22001337a 4500
008
181102b xxu||||| |||| 00| 0 eng d
020
_a
003045011-X
041
_a
eng
080
_a
101
100
_a
24
101
_a
FIL
245
_a
Ethical Arguments for Analysis
_c
Baum,R
942
_2
udc
_c
BK
999
_c
51732
_d
51732